000 01191cam a22003497a 4500
003 CHAP
005 20220329143016.0
008 050728d1995 mx a r 00110 spa d
010 _a90601
011 _a91573
020 _a9706130535
035 _a102132
040 _cCHAP
082 0 4 _a658.31
_bK6Y 1995
100 0 0 _aKossen, Stan.
_963769
245 1 0 _aRecursos humanos en las organizaciones
_c/por Stan Kossen
250 _a5 ed.
260 _aMéxico, D. F. :
_bHarla,
_cc.1995
300 _a534 p. :
_bilus. ; gráf. ; diagramas
500 _aTraducción de: The Human Side of Organizations, 5 ed. c.1991.
590 _aBATCH-UPD
_b10
_c20130110
_lUCH01
_h0816
590 _aBATCH-UPD
_b10
_c20130410
_lUCH01
_h0453
590 _aBATCH-UPD
_b10
_c20130914
_lUCH01
_h1852
590 _aCONVERSION
_b10
_c20130109
_lUCH01
_h1350
650 1 4 _aOrganización.
_983533
650 1 4 _aRecursos humanos.
_995137
901 _aBK
905 _aMarco A. Mendoza T.
942 _cLIBRO
949 _a658.31 K6Y 1995
_bBC
_cLIBRO
_d33724000952438
_eLIBRO
_gI.c/e
_h106295
_i102132
_si
_t$215.00
949 _a658.31 K6Y 1995
_bBC
_cLIBRO
_d33724000979084
_eLIBRO
_fc.2
_gI.c/e
_h106675
_i102132
_si
_t$215.00
999 _c90601
_d90601